|
|
|
|
| LEADER |
01227nam a2200265 a 4500 |
| 001 |
00025930 |
| 003 |
BD-DhAAL |
| 008 |
120910s2011 sz a 001 0 eng d |
| 999 |
|
|
|c 12831
|d 12831
|
| 020 |
|
|
|a 9783037680414
|
| 040 |
|
|
|a BD-DhAAL
|c BD-DhAAL
|
| 082 |
0 |
4 |
|a 724.7
|2 22
|
| 100 |
1 |
|
|a Prinz, Frederik.
|9 21331
|
| 245 |
1 |
0 |
|a Competition architecture /
|c Frederik Prinz
|
| 260 |
|
|
|a Salenstein, Switzerland :
|b Braun,
|c 2011.
|
| 300 |
|
|
|a 413 p. :
|b ill. (chiefly col.), ports., plans ;
|c 30 cm.
|
| 500 |
|
|
|a Includes index.
|
| 526 |
|
|
|a ARC
|
| 541 |
|
|
|a 00025930, 31713
|
| 650 |
|
0 |
|a Architecture, Modern
|y 21st century.
|9 21332
|
| 650 |
|
0 |
|a Architecture
|x Competitions.
|9 21333
|
| 852 |
1 |
|
|a Ayesha Abed Library
|j General shelf
|
| 942 |
|
|
|2 ddc
|c BK
|
| 952 |
|
|
|0 0
|1 0
|4 0
|6 724_700000000000000_FRE
|7 0
|9 21108
|a BRACUL
|b BRACUL
|c GEN
|d 2012-09-10
|e Riza Enterprize
|g 9495.00
|l 14
|m 163
|o 724.7 FRE
|p 3010025930
|q 2026-05-17
|r 2025-03-19
|s 2025-03-19
|t 1
|w 2012-09-10
|y BK
|
| 952 |
|
|
|0 0
|1 0
|2 ddc
|4 0
|6 724_700000000000000_FRE
|7 0
|9 60452
|a BRACUL
|b BRACUL
|c GEN
|d 2017-04-24
|e Sarker Book Depot by Department of Architecture
|g 11132.50
|l 5
|m 18
|o 724.7 FRE
|p 3010031713
|r 2025-08-12
|s 2025-08-07
|t 2
|v 11132.50
|w 2017-04-24
|y BK
|x Transferred from ARC to BRACUL on 28/12/2023
|